000 00741nam a2200241Ia 4500
001 dia_2648
003 CHAP
005 20230313104137.0
008 220117s1995 xx 000 0 und d
010 _a173167
040 _cCHAP
082 _a658.562 W3Y
100 _aWaller, Jenny
_9153306
245 _aEL MANUAL DE ADMINISTRACION DE LA CALIDAD, COM0 ESCRIBIR Y Desarrollar un manual para los sistemas de administraciòn de la calidad /
_c por Jenny Waller
260 _aMéxico, Panorama
_c1995
300 _a243P.
500 _aC/E
600 _a1.Administración de empresas
_9153307
901 _a658.562 W3Y
902 _aM
905 _a0000001995 MEX 0000000000ESP00
942 _cLIBRO
_2ddc
999 _c173167
_d173167